Normal view MARC view
  • Garrido, Felipe,

Entry Nombre Personal

Number of records used in: 26

001 - NUMERO DE CONTROL

  • campo de control: 31030

003 - IDENTIFICADOR DE NUMERO DE CONTROL

  • campo de control: UPN

005 - FECHA Y HORA DE LA ÜLTIMA TRANSACCIÓN

  • campo de control: 20210219194419.0

008 - DATOS DE LONGITUD FIJA

  • campo de control de longitud fija: nabaccnnaabn|||||||||| b |nc|||||d

035 ## - NUMERO DE CONTROL

  • Número de control: UPN11000003136

040 ## - FUENTE DE CATALOGACIÓN

  • Lenguaje de catalogación: SPA
  • Agencia de transcripción: UPN

053 #4 - NÚMERO DE CLASIFICACIÓN LC

  • Número de clasificación elemento-número único o número inicial de tramo: PQ7297 G4

100 1# - ENCABEZAMIENTO - NOMBRE PERSONAL

  • Nombre personal: Garrido, Felipe,
  • Fechas asociadas con el nombre: 1942-

670 ## - FUENTE EN LA QUE SE LOCALIZARON DATOS

  • Cita de la fuente: T
  • Información localizada: Wikipedia

680 ## - NOTA PUBLICA DE ACCESO PÚBLICO

  • Frase explicativa de la referencia: Escritor, editor, traductor y académico mexicano

902 ## - CATALOGADOR

  • Catalogador: CAA/060611